| 000 | 00801nam a22001577a 4500 | ||
|---|---|---|---|
| 003 | OSt | ||
| 005 | 20151005150244.0 | ||
| 008 | 151005b xxu||||| |||| 00| 0 eng d | ||
| 040 | _cRUA | ||
| 082 | _aAVM YOU 2001 B072 Or.1 | ||
| 100 |
_92051 _aYOURNG, SETHA. |
||
| 245 | _aEffect of oil drenchon growth and rumen ecosystem of local cattle fed rice straw and cassava foliage, ប្រសិទ្ធភាពនៃការបញ្រកប្រេងរុក្ខជាតិ លើការលូតលាស់ និងអេកូស៊ីស្ពែមពោះធំ របស់គោក្នុងស្រុកដែលស៊ីចំបើងនឹងស្លឹកដំឡូងមី | ||
| 260 |
_aPhnom Penh _bRUA _c2001 |
||
| 300 |
_avii; 41p. _bill. _c29cm. |
||
| 942 |
_2ddc _cAVM |
||
| 999 |
_c1937 _d1937 |
||